[Event "8th RTU Open 2018"]
[Site "Riga"]
[Date "2018.08.07"]
[Round "3"]
[White "Kovalenko, Igor"]
[Black "Konguvel, Ponnuswamy"]
[Result "1-0"]
[WhiteElo "2641"]
[BlackElo "2348"]
[Annotator "TA"]
[PlyCount "71"]
[EventDate "2018.08.06"]
[EventType "swiss"]
[EventCountry "LAT"]
[SourceTitle "playchess.com"]
[Source "ChessBase"]
[SourceQuality "1"]

{[%evp 32,71,67,50,58,62,62,22,41,-8,0,0,0,0,13,-18,38,18,70,16,111,33,91,116,115,108,358,302,431,426,764,683,686,664,923,914,909,864,956,945,1031,1019]} 1. Nf3 Nf6 2. c4 g6 3. Nc3 Bg7 4. e4 d6 5. d4 {[%cal Bd2d4,Bd4d5][%mdl 32]} O-O 6. Be2 e5 7. O-O Nc6 8. d5 Ne7 9. Ne1 Nd7 10. f3 f5 11. Be3 f4 12. Bf2 g5 13. Nd3 Ng6 14. Rc1 Nf6 15. c5 Rf7 16. Kh1 {E99: Königsindisch (Klassisches System)} Bf8 17. Rg1 {LiveBook: 5 Partien} Rg7 18. b4 {[#] Weiß steht etwas besser.} Nh8 $146 ({Vorgänger:} 18... h5 19. Qd2 g4 20. g3 fxg3 21. Rxg3 a5 22. a3 axb4 23. axb4 c6 24. dxc6 bxc6 25. cxd6 Qxd6 {½-½ (41) Lenderman,A (2599)-Nakamura,H (2787) Saint Louis 2018}) 19. g3 fxg3 20. Rxg3 Nh5 21. Rg1 Ng6 22. Be3 Ngf4 23. Nf2 Nf6 (23... a5 $11 24. a3 axb4 25. axb4 Nxe2 26. Qxe2 Nf4 27. Bxf4 gxf4) 24. a4 $36 {[%mdl 2048] Schwarz steht unter Druck.} Qe8 ({Günstiger ist} 24... a5 $11) 25. a5 (25. Bxf4 $14 exf4 26. Qd4) 25... Qh5 (25... a6 $11 {bleibt in der Remisbreite.}) 26. Nb5 (26. Bxf4 $1 $16 gxf4 27. Nb5) 26... a6 (26... Qh4 $14) 27. Bxf4 $1 $16 exf4 28. Nd4 Nd7 $2 {[#]} (28... Rb8 $16 {ist eine bessere Verteidigung.} 29. Qb3 Qh4) 29. Ng4 $18 Rg6 (29... Qg6 $142 30. Ne6 Nf6 31. Nxf6+ (31. Nxg7 Nxg4 32. fxg4 Bxg7 $16) 31... Qxf6) 30. Ne6 {Weiß steht klar auf Gewinn.} Bg7 (30... Ne5 $142 31. Nxf4 Nxg4 32. fxg4 (32. Nxh5 Nf2+ 33. Kg2 Nxd1 $16) 32... Qh6) 31. Nxc7 Rb8 32. cxd6 Ne5 {[#]} 33. Ne6 $1 Nxg4 (33... Bxe6 34. dxe6) 34. Rxg4 Bf6 35. Qg1 Bd7 36. Rc7 {Precision: Weiß = 47%, Schwarz = 13%.} 1-0

[Event "8th RTU Open 2018"]
[Site "Riga"]
[Date "2018.08.07"]
[Round "3"]
[White "Donchenko, Alexander"]
[Black "Bernotas, Arturs"]
[Result "1/2-1/2"]
[WhiteElo "2612"]
[BlackElo "2406"]
[Annotator "TA"]
[PlyCount "57"]
[EventDate "2018.08.06"]
[EventType "swiss"]
[EventCountry "LAT"]
[SourceTitle "playchess.com"]
[Source "ChessBase"]
[SourceQuality "1"]

{[%evp 24,57,22,29,25,18,12,-2,8,-44,-44,-36,-31,-29,-15,-22,-10,-30,-32,-44,-9,-25,-21,-20,-18,-10,0,-36,-37,-36,-21,-29,-28,-137,-120,-201]} 1. d4 Nf6 2. c4 e6 3. g3 d5 4. Bg2 Be7 5. Nf3 O-O 6. O-O dxc4 7. Qc2 a6 8. a4 Bd7 9. Qxc4 Bc6 10. Bf4 a5 11. Nc3 Na6 12. Rac1 Rc8 {E05: Open Catalan: 5 Nf3 Be7} (12... Nb4 13. Ne5 Bxg2 14. Kxg2 c6 15. e4 Nd7 16. Nf3 Qb6 17. Rfd1 Rfd8 18. h4 h6 19. Qe2 Nf6 20. Rd2 {½-½ (88) Meier,G (2630)-Karjakin,S (2783) chess.com INT 2017}) 13. Rfe1 {LiveBook: 4 Games} Bb4 {[#]} 14. Qd3 $146 ({Predecessor:} 14. Bg5 Qe8 15. Bxf6 gxf6 16. Nh4 Bxg2 17. Nxg2 Qd7 18. Red1 c6 19. e4 b5 20. axb5 Bxc3 21. Qxc3 {1-0 (40) Stefanova,A (2545)-Videnova,I (2301) Caleta 2010}) 14... h6 {The position is equal.} 15. Qb1 Nd5 16. Be3 (16. Bd2 $11) 16... Nxe3 $15 17. fxe3 Be7 18. e4 Nb4 19. Rcd1 b6 20. Rf1 Bb7 21. Bh3 Rb8 22. Ne5 {[#] Hoping for Nxf7!} Bc8 23. e3 Bd6 {And now ...Bxe5 would win.} 24. Nf3 Qe8 $36 {[%mdl 2048] Black has the initiative.} 25. e5 Be7 26. Rf2 Ba6 27. e4 Rd8 28. b3 (28. Bf1 $11) 28... Qc6 $17 29. Ne2 {Precision: White = 32%, Black = 70%.} (29. Nb5 $17) 1/2-1/2

[Event "8th RTU Open 2018"]
[Site "Riga"]
[Date "2018.08.07"]
[Round "3"]
[White "Predke, Alexandr"]
[Black "Gokerkan, Cem Kaan"]
[Result "1/2-1/2"]
[WhiteElo "2606"]
[BlackElo "2404"]
[Annotator "TA"]
[PlyCount "46"]
[EventDate "2018.08.06"]
[EventType "swiss"]
[EventCountry "LAT"]
[SourceTitle "playchess.com"]
[Source "ChessBase"]
[SourceQuality "1"]

{[%evp 22,46,25,12,36,25,37,-46,-35,-43,-39,-34,-35,-45,-37,-47,-54,-54,-55,-58,-57,-56,-52,-58,-60,-47,-53]} 1. d4 Nf6 2. Nf3 g6 3. g3 Bg7 4. Bg2 O-O 5. O-O d6 6. b3 c5 7. c4 Nc6 8. Bb2 cxd4 9. Nxd4 Bd7 10. Nc2 Qc8 11. Re1 {E60: Königsindisch (ohne Sc3)} Bh3 12. Bh1 {LiveBook: 5 Partien} Rd8 13. Nc3 {Weiß steht etwas besser.} d5 14. Qc1 $146 ({Schwächer ist} 14. Nxd5 Nxd5 15. cxd5 (15. Bxg7 $2 Nf6 $19) 15... Bxb2 $17) ({Günstiger ist} 14. cxd5 $14 Nxd5 15. Bxd5) ({Vorgänger:} 14. cxd5 Nxd5 15. Bxd5 e6 16. Ne3 Nb4 17. Rc1 exd5 18. Ncxd5 Qe6 19. Bxg7 Nxd5 20. Nxd5 Rxd5 {0-1 (44) Feustel,B (2335)-Stoll,J Passau 1979}) 14... dxc4 $15 {Schwarz steht etwas besser.} 15. bxc4 Be6 16. Ne3 Na5 17. Ba3 Nxc4 18. Bxe7 Nxe3 19. Bxd8 Nfg4 20. Bg5 $1 Bxc3 21. Bxe3 {[#] Und weiter mit Lxb7! wäre nett.} Bxe1 22. Qxe1 Nxe3 23. fxe3 Qc5 {Precision: Weiß = 64%, Schwarz = 70%.} 1/2-1/2

[Event "8th RTU Open 2018"]
[Site "Riga"]
[Date "2018.08.07"]
[Round "3"]
[White "Svane, Rasmus"]
[Black "Pershin, Denis"]
[Result "1-0"]
[WhiteElo "2591"]
[BlackElo "2403"]
[Annotator "TA"]
[PlyCount "85"]
[EventDate "2018.08.06"]
[EventType "swiss"]
[EventCountry "LAT"]
[SourceTitle "playchess.com"]
[Source "ChessBase"]
[SourceQuality "1"]

{[%evp 19,85,15,33,28,29,18,29,5,31,0,55,66,56,43,67,47,65,54,58,60,65,60,64,43,42,25,43,23,17,-5,20,19,26,0,0,0,23,20,104,108,110,107,109,114,102,109,100,44,171,152,165,102,95,117,260,265,253,251,339,329,339,312,392,367,387,387,387,387]} 1. d4 d5 2. c4 c6 3. Nf3 Nf6 4. Nbd2 Bf5 5. Nh4 Be4 6. Qb3 {D11: Damengambit (Slawische Verteidigung)} Qb6 7. f3 (7. e3 e6 8. Be2 Be7 9. Nxe4 dxe4 10. g3 c5 11. Bd2 cxd4 12. exd4 Nc6 13. Bc3 O-O-O {1-0 (49) Mamedyarov,S (2808)-So,W (2778) Leuven 2018}) 7... Bg6 8. cxd5 cxd5 9. Qxb6 axb6 10. Nxg6 hxg6 {LiveBook: 3 Partien} 11. e3 Nc6 12. Kf2 e6 13. Bb5 $146 Bb4 14. Nb3 Ke7 (14... g5 $11) 15. a3 $14 Bd6 16. Bd2 Rac8 17. Rac1 Na7 18. Rxc8 Rxc8 19. Bd3 e5 20. dxe5 Bxe5 21. Bb4+ Kd7 22. Nd4 Nc6 23. Bb5 Ne8 24. Rd1 Bxd4 25. Rxd4 Ke6 26. Rh4 (26. Bxc6 $5 bxc6 27. Bc3 $14) 26... g5 27. Rg4 $36 {[%mdl 2048] Weiss hat gut koordiniertes Spiel.} f5 28. Rxg5 {Und weiter mit Lc3 wäre nett.} Nxb4 (28... Kf6 $1 $11 {hält das Gleichgewicht.} 29. Bxc6 Kxg5 30. Bxb7 (30. Bxd5 Rc2+ 31. Kg3 Nf6 $14) 30... Rc2+ 31. Kg3 Rxb2) 29. axb4 $11 {[%mdl 4096] Endspiel Droht stark Lxe8. KTL-KTS} Rc2+ 30. Ke1 $1 Nd6 31. Rg6+ Ke7 32. Bd3 Rxb2 {[#]} 33. b5 (33. h4 $1 $16) 33... Nf7 (33... Nc4 $14) 34. Bxf5 Rxb5 35. Re6+ ({Günstiger ist} 35. f4 $18) 35... Kf8 $16 36. Bg6 Rc5 {[#]} (36... Rb2 $16) 37. Bxf7 $1 $18 ({Auf keinen Fall} 37. Rxb6 $6 Rc6 $16) 37... Kxf7 38. Rxb6 {KT-KT} Rc7 39. Kd2 Ke7 40. Kd3 Kd7 41. Kd4 {Weiß steht auf Gewinn.} Kc8 42. Rb2 Rd7 43. Rb5 {Precision: Weiß = 53%, Schwarz = 38%.} 1-0

[Event "8th RTU Open 2018"]
[Site "Riga"]
[Date "2018.08.07"]
[Round "3"]
[White "Stocek, Jiri"]
[Black "Martin, Julian"]
[Result "1-0"]
[WhiteElo "2582"]
[BlackElo "2392"]
[Annotator "ChessBase"]
[PlyCount "106"]
[EventDate "2018.08.06"]
[EventType "swiss"]
[EventCountry "LAT"]
[SourceTitle "playchess.com"]
[Source "ChessBase"]
[SourceQuality "1"]
[TimeControl "5400+30"]

1. c4 {[%emt 0:00:03]} Nf6 {[%emt 0:02:28]} 2. Nc3 {[%emt 0:00:45]} g6 {[%emt 0:07:06]} 3. d4 {[%emt 0:05:32]} d5 {[%emt 0:00:53]} 4. cxd5 {[%emt 0:00:25]} Nxd5 {[%emt 0:00:07]} 5. e4 {[%emt 0:00:15]} Nxc3 {[%emt 0:00:06]} 6. bxc3 {[%emt 0:00:03]} Bg7 {[%emt 0:00:22]} 7. Nf3 {[%emt 0:01:14]} c5 {[%emt 0:00:21]} 8. Be3 {[%emt 0:00:27]} Bg4 {[%emt 0:07:05]} 9. Rc1 {[%emt 0:01:12]} cxd4 {[%emt 0:31:06]} 10. cxd4 {[%emt 0:00:36]} O-O {[%emt 0:07:39]} 11. Be2 {[%emt 0:06:31]} Qa5+ {[%emt 0:06:08]} 12. Qd2 {[%emt 0:02:07]} Qxd2+ {[%emt 0:01:35]} 13. Nxd2 {[%emt 0:00:57]} Bxe2 {[%emt 0:01:18]} 14. Kxe2 {[%emt 0:00:05]} e6 {[%emt 0:10:15]} 15. Rc7 {[%emt 0:16:06]} f5 {[%emt 0:03:34]} 16. Nf3 {[%emt 0:10:39]} Nc6 {[%emt 0:07:07]} 17. Rb1 {[%emt 0:07:29]} fxe4 {[%emt 0:02:29]} 18. Ng5 {[%emt 0:01:55]} Nxd4+ {[%emt 0:00:09]} 19. Ke1 {[%emt 0:00:30]} Be5 {[%emt 0:02:45]} 20. Rc5 {[%emt 0:02:10]} Bh8 {[%emt 0:01:04]} 21. Rxb7 {[%emt 0:01:50]} Rab8 {[%emt 0:01:35]} 22. Rxb8 {[%emt 0:06:58]} Rxb8 {[%emt 0:00:08]} 23. Nxe4 {[%emt 0:00:10]} Nf5 {[%emt 0:01:01]} 24. Bf4 {[%emt 0:02:32]} Rb1+ {[%emt 0:00:31]} 25. Kd2 {[%emt 0:04:14]} Bd4 {[%emt 0:01:51]} 26. Rc8+ {[%emt 0:06:10]} Kf7 {[%emt 0:01:07]} 27. Rc7+ {[%emt 0:06:01]} Ke8 {[%emt 0:01:01]} 28. Rxh7 {[%emt 0:01:51]} Rb4 {[%emt 0:02:04]} 29. g4 {[%emt 0:01:59]} Ng7 {[%emt 0:00:09]} 30. Kd3 {[%emt 0:02:10]} Kf7 {[%emt 0:00:30]} 31. Bd6 {[%emt 0:01:29]} Ra4 {[%emt 0:00:21]} 32. h4 {[%emt 0:01:57]} Kg8 {[%emt 0:00:11]} 33. Rh6 {[%emt 0:00:04]} Ne8 {[%emt 0:00:01]} 34. Rxg6+ {[%emt 0:02:40]} Kf7 {[%emt 0:00:06]} 35. h5 {[%emt 0:00:40]} Bf6 {[%emt 0:00:09]} 36. Bc5 {[%emt 0:03:02]} Rxa2 {[%emt 0:00:40]} 37. Nxf6 {[%emt 0:00:28]} Nxf6 {[%emt 0:00:21]} 38. Bd4 {[%emt 0:00:31]} Ra3+ {[%emt 0:00:47]} 39. Ke2 {[%emt 0:00:15]} Ne8 {[%emt 0:00:28]} 40. f3 {[%emt 0:01:28]} a5 {[%emt 0:00:20]} 41. Rh6 {[%emt 0:00:23]} Nd6 {[%emt 0:01:27]} 42. Rh7+ {[%emt 0:00:19]} Ke8 {[%emt 0:00:08]} 43. Rg7 {[%emt 0:01:10]} Ra2+ {[%emt 0:00:37]} 44. Ke3 {[%emt 0:00:16]} Ra3+ {[%emt 0:00:24]} 45. Kf2 {[%emt 0:00:18]} Nf7 {[%emt 0:00:43]} 46. Rg6 {[%emt 0:01:01]} Rd3 {[%emt 0:00:58]} 47. Rxe6+ {[%emt 0:00:56]} Kd7 {[%emt 0:00:08]} 48. Rf6 {[%emt 0:00:34]} Ke7 {[%emt 0:00:18]} 49. Rf4 {[%emt 0:00:07]} Ke6 {[%emt 0:00:32]} 50. Ke2 {[%emt 0:01:01]} Rb3 {[%emt 0:00:26]} 51. Rf6+ {[%emt 0:00:25]} Ke7 {[%emt 0:00:19]} 52. Ra6 {[%emt 0:00:31]} Rb5 {[%emt 0:00:50]} 53. h6 {[%emt 0:00:21]} Ng5 {[%emt 0:00:36]} 1-0

[Event "8th RTU Open 2018"]
[Site "Riga"]
[Date "2018.08.07"]
[Round "3"]
[White "Petrosyan, Manuel"]
[Black "Krupenski, Juri"]
[Result "1-0"]
[WhiteElo "2567"]
[BlackElo "2390"]
[Annotator "ChessBase"]
[PlyCount "39"]
[EventDate "2018.08.06"]
[EventType "swiss"]
[EventCountry "LAT"]
[SourceTitle "playchess.com"]
[Source "ChessBase"]
[SourceQuality "1"]
[TimeControl "5400+30"]

1. d4 {[%emt 0:00:00]} Nf6 {[%emt 0:00:00]} 2. c4 {[%emt 0:00:00]} e6 {[%emt 0:00:07]} 3. Nf3 {[%emt 0:00:02]} Bb4+ {[%emt 0:00:17]} 4. Nbd2 {[%emt 0:01:03]} O-O {[%emt 0:00:10]} 5. a3 {[%emt 0:00:18]} Be7 {[%emt 0:00:07]} 6. e4 {[%emt 0:00:31]} d6 {[%emt 0:00:06]} 7. Be2 {[%emt 0:00:19]} Nbd7 {[%emt 0:05:33]} 8. Qc2 {[%emt 0:00:20]} e5 {[%emt 0:01:01]} 9. Nb1 {[%emt 0:00:17]} a5 {[%emt 0:01:20]} 10. Nc3 {[%emt 0:00:20]} c6 {[%emt 0:01:45]} 11. O-O {[%emt 0:01:21]} Qb6 {[%emt 0:11:48]} 12. Rd1 {[%emt 0:06:38]} Qa7 {[%emt 0:01:57]} 13. b3 {[%emt 0:02:09]} Ne8 {[%emt 0:04:59]} 14. Be3 {[%emt 0:03:02]} Qb8 {[%emt 0:00:19]} 15. Rab1 {[%emt 0:05:24]} Ndf6 {[%emt 0:20:48]} 16. h3 {[%emt 0:03:22]} exd4 {[%emt 0:01:50]} 17. Nxd4 {[%emt 0:03:03]} d5 {[%emt 0:00:15]} 18. exd5 {[%emt 0:08:14]} cxd5 {[%emt 0:00:34]} 19. Qc1 {[%emt 0:05:05]} Nd6 {[%emt 0:15:59]} 20. Bf4 {[%emt 0:01:57]} 1-0

[Event "8th RTU Open 2018"]
[Site "Riga"]
[Date "2018.08.07"]
[Round "3"]
[White "Ter Sahakyan, Samvel"]
[Black "Gorbatov, Alexej"]
[Result "1/2-1/2"]
[WhiteElo "2551"]
[BlackElo "2389"]
[Annotator "ChessBase"]
[PlyCount "70"]
[EventDate "2018.08.06"]
[EventType "swiss"]
[EventCountry "LAT"]
[SourceTitle "playchess.com"]
[Source "ChessBase"]
[SourceQuality "1"]
[TimeControl "5400+30"]

1. e4 {[%emt 0:00:00]} e6 {[%emt 0:01:42]} 2. d4 {[%emt 0:00:00]} d5 {[%emt 0:00:06]} 3. Nc3 {[%emt 0:00:00]} dxe4 {[%emt 0:00:06]} 4. Nxe4 {[%emt 0:00:00]} Bd7 {[%emt 0:00:05]} 5. Nf3 {[%emt 0:01:43]} Bc6 {[%emt 0:00:11]} 6. Bd3 {[%emt 0:00:04]} Nd7 {[%emt 0:00:08]} 7. c3 {[%emt 0:01:54]} Ngf6 {[%emt 0:01:37]} 8. Nxf6+ {[%emt 0:01:43]} Nxf6 {[%emt 0:00:38]} 9. Bf4 {[%emt 0:04:24]} Bxf3 {[%emt 0:08:26]} 10. Qxf3 {[%emt 0:00:47]} c6 {[%emt 0:00:08]} 11. O-O {[%emt 0:08:44]} Qd5 {[%emt 0:01:00]} 12. Qe2 {[%emt 0:02:35]} Qh5 {[%emt 0:07:33]} 13. Qc2 {[%emt 0:02:47]} Rd8 {[%emt 0:11:20]} 14. Qb3 {[%emt 0:19:57]} Rd7 {[%emt 0:00:45]} 15. Rae1 {[%emt 0:02:15]} Qa5 {[%emt 0:01:14]} 16. Be5 {[%emt 0:03:56]} Qb6 {[%emt 0:21:55]} 17. Qxb6 {[%emt 0:09:36]} axb6 {[%emt 0:00:49]} 18. f4 {[%emt 0:00:11]} Bd6 {[%emt 0:04:37]} 19. f5 {[%emt 0:00:10]} Bxe5 {[%emt 0:00:22]} 20. Rxe5 {[%emt 0:00:08]} Re7 {[%emt 0:05:01]} 21. Rfe1 {[%emt 0:08:34]} Kd7 {[%emt 0:00:19]} 22. fxe6+ {[%emt 0:00:35]} fxe6 {[%emt 0:00:16]} 23. Bf5 {[%emt 0:00:10]} Rhe8 {[%emt 0:00:09]} 24. Bh3 {[%emt 0:00:05]} Kd6 {[%emt 0:03:21]} 25. g3 {[%emt 0:00:13]} Nd7 {[%emt 0:02:00]} 26. R5e2 {[%emt 0:04:00]} b5 {[%emt 0:02:02]} 27. Kf2 {[%emt 0:07:22]} Nb6 {[%emt 0:00:59]} 28. Ke3 {[%emt 0:00:30]} e5 {[%emt 0:06:24]} 29. Kd3 {[%emt 0:01:02]} exd4 {[%emt 0:00:11]} 30. Rxe7 {[%emt 0:00:14]} Rxe7 {[%emt 0:00:02]} 31. Rxe7 {[%emt 0:00:09]} Kxe7 {[%emt 0:00:04]} 32. Kxd4 {[%emt 0:00:11]} Kd6 {[%emt 0:00:04]} 33. Bf5 {[%emt 0:09:02]} h6 {[%emt 0:00:02]} 34. Bd3 {[%emt 0:02:23]} Nd7 {[%emt 0:01:16]} 35. b4 {[%emt 0:00:29]} Nf6 {[%emt 0:01:59] Ke4 Ke5+} 1/2-1/2

[Event "8th RTU Open 2018"]
[Site "Riga"]
[Date "2018.08.07"]
[Round "3"]
[White "Zakhartsov, Viacheslav V"]
[Black "Shishkov, Andrei"]
[Result "1/2-1/2"]
[WhiteElo "2544"]
[BlackElo "2370"]
[Annotator "TA"]
[PlyCount "73"]
[EventDate "2018.08.06"]
[EventType "swiss"]
[EventCountry "LAT"]
[SourceTitle "playchess.com"]
[Source "ChessBase"]
[SourceQuality "1"]

{[%evp 26,73,54,41,41,34,53,52,50,67,62,54,58,54,69,21,64,66,68,47,74,60,57,51,35,33,32,34,46,12,43,29,41,35,38,43,53,32,39,0,0,0,0,0,-9,-16,0,-31,18,0]} 1. d4 Nf6 2. c4 e6 3. Nf3 b6 4. a3 Ba6 5. Qc2 Bb7 6. Nc3 c5 7. e4 cxd4 8. Nxd4 Bc5 9. Nb3 Nc6 10. Bf4 e5 11. Bg5 {[%cal Bf4g5,Bg5h4,Bh4f2,Bf2e3][%mdl 32]} h6 12. Bh4 {E12: Queen's Indian: Unusual White 4th moves, 4 a3, 4 Nc3 Bb7 5 a3 and 4 Nc3 Bb7} Be7 (12... O-O 13. Bd3 Nd4 14. Nxd4 Bxd4 15. Nb5 Bc5 16. O-O Be7 17. Qe2 Re8 18. Bxf6 Bxf6 19. Nd6 Rf8 20. Nxb7 {½-½ (33) Dreev,A (2653)-Bacallao Alonso,Y (2594) Havana 2018}) 13. f3 O-O 14. Rd1 {LiveBook: 4 Games. White is slightly better.} Rc8 15. Bf2 d6 $146 ({Predecessor:} 15... Nh5 16. Qd3 d6 17. g3 Qd7 18. h4 Rb8 19. Bh3 Qe8 {1-0 (47) Ciesielski,S-Wojcik,W POL email 2005}) 16. Be2 Qc7 17. O-O Qb8 18. Qd2 Ba6 19. Be3 Nd8 20. Nb5 Ne6 21. a4 Rfd8 22. Nc1 {[%cal Bb3c1,Bc1a2,Ba2c3][%mdl 32]} Ne8 23. g3 {[%cal Bg2g3,Bg3f4][%mdl 32]} Bg5 24. f4 exf4 25. gxf4 Bf6 26. Na2 Bb7 27. Nac3 a6 28. Nd4 Nxd4 29. Bxd4 Bxd4+ 30. Qxd4 Nf6 31. Rf2 Qc7 32. b4 Qe7 {[%cal Rf6e4]} 33. Bd3 a5 34. bxa5 bxa5 35. Rg2 g6 36. Kh1 Kh7 37. Rb1 {Precision: White = 58%, Black = 49%.} 1/2-1/2

[Event "8th RTU Open 2018"]
[Site "Riga"]
[Date "2018.08.07"]
[Round "3"]
[White "Lobanov, Sergei"]
[Black "Sinz, Bernhard"]
[Result "1/2-1/2"]
[WhiteElo "2531"]
[BlackElo "2377"]
[Annotator "TA"]
[PlyCount "97"]
[EventDate "2018.08.06"]
[EventType "swiss"]
[EventCountry "LAT"]
[SourceTitle "playchess.com"]
[Source "ChessBase"]
[SourceQuality "1"]

{[%evp 18,97,17,7,26,-1,64,54,49,58,57,31,89,83,93,48,45,22,57,52,51,47,45,52,41,37,48,40,61,0,16,16,21,0,0,-22,-9,0,0,-31,3,0,0,0,0,0,0,0,0,0,0,0,0,0,0,0,0,0,0,0,0,0,0,-14,-12,-10,-11,-80,0,-103,-80,-80,-80,-80,0,0,0,0,0,0,0,0]} 1. e4 e5 2. Bc4 Nf6 3. d3 Nc6 4. Nf3 Be7 5. O-O O-O 6. Re1 d6 7. c3 Na5 8. Bb5 a6 9. Ba4 {C55: Zweispringerspiel} c5 10. d4 {LiveBook: 5 Partien} Qc7 (10... b5 {is interesting.} 11. Bc2 exd4 12. cxd4 Bg4 13. d5 Nd7) 11. Nbd2 {[%cal Bb1d2,Bd2f1,Bf1e3,Be3d5][%mdl 32] Weiß hat minimalen Vorteil.} (11. d5 {feels hotter.} b5 12. Bc2 Nb7 13. b3 c4 14. Na3) 11... Bd7 $146 (11... b5 $11 12. Bc2 cxd4 13. cxd4 Bd7) ({Vorgänger:} 11... h6 12. d5 c4 13. Nf1 b5 14. Bc2 Nb7 15. Ng3 Nc5 16. b4 cxb3 17. axb3 {0-1 (43) Dumpor,A (2355)-Nikolic,P (2635) Jahorina 2012}) 12. Bxd7 $14 Nxd7 13. Nf1 Rfe8 14. Ne3 Rad8 (14... exd4 $14 15. cxd4 Bf6) 15. Nd5 $16 Qb8 16. b3 Nc6 17. Be3 Nf8 18. Qe2 Ne6 {[%cal Re5d4]} 19. Rad1 exd4 20. cxd4 b5 21. Nxe7+ Nxe7 22. d5 Nf8 23. Nh4 (23. h4 $14) 23... Qc8 24. Bc1 Nfg6 25. Nxg6 Nxg6 26. g4 Ne5 27. f3 c4 28. Be3 cxb3 29. Rc1 Qd7 30. axb3 Rc8 31. h3 Rxc1 32. Rxc1 Rc8 33. f4 (33. Ra1 {with more complications.} Rc3 34. Rxa6 h6 35. f4 Ng6 36. Ra8+) 33... Rxc1+ 34. Bxc1 Ng6 35. Kg2 Qc7 36. Qd2 a5 37. Bb2 f6 38. Kg3 a4 39. bxa4 bxa4 40. e5 fxe5 41. fxe5 Qb6 {Und ...a3 würde nun gewinnen.} 42. Kh2 (42. exd6 $11 {hält das Gleichgewicht.} Qxd6+ 43. Kf3) 42... a3 ({Bitte nicht} 42... dxe5 43. d6 $11) (42... Nxe5 $17 43. Qe2 Qb7 44. Bxe5 Qe7) 43. Bd4 (43. Bxa3 $11 Nxe5 44. Qb2) 43... Nxe5 44. Bxe5 dxe5 $17 {KD-KD} 45. d6 {[#]} Qb2 (45... Kf8 $1 $17 46. Qd5 Qf2+ 47. Kh1 a2 48. Qa8+ Kf7) 46. Qxb2 $11 {Die Stellung ist ausgeglichen.} axb2 47. d7 b1=Q {( -> ...Dd3)} (47... Kf7 $5 48. d8=Q $8 b1=Q $11) 48. d8=Q+ Kf7 49. Qd5+ {Precision: Weiß = 44%, Schwarz = 55%.} 1/2-1/2

[Event "8th RTU Open 2018"]
[Site "Riga"]
[Date "2018.08.07"]
[Round "3"]
[White "Meskovs, Nikita"]
[Black "Sirosh, Ilja"]
[Result "*"]
[WhiteElo "2524"]
[BlackElo "2372"]
[Annotator "ChessBase"]
[PlyCount "28"]
[EventDate "2018.08.06"]
[EventType "swiss"]
[EventCountry "LAT"]
[SourceTitle "playchess.com"]
[Source "ChessBase"]
[SourceQuality "1"]
[TimeControl "5400+30"]

1. Nf3 Nf6 2. g3 g6 3. Bg2 Bg7 4. O-O c6 {[%emt 0:02:46]} 5. e4 {[%emt 0:01:28]} d5 {[%emt 0:00:15]} 6. Nc3 {[%emt 0:00:26]} dxe4 {[%emt 0:02:53]} 7. Nxe4 {[%emt 0:01:23]} Nxe4 {[%emt 0:00:00]} 8. Qe2 {[%emt 0:00:09]} Qd5 {[%emt 0:00:07]} 9. Qxe4 {[%emt 0:02:06]} Qe6 {[%emt 0:07:04]} 10. Qe3 {[%emt 0:06:14]} Qxe3 {[%emt 0:01:04]} 11. d4 {[%emt 0:00:17]} Bf5 {[%emt 0:00:16]} 12. Bxe3 {[%emt 0:03:29]} e6 {[%emt 0:00:37]} 13. c4 {[%emt 0:02:47]} Nd7 {[%emt 0:01:48]} 14. a3 {[%emt 0:13:01]} h6 {[%emt 0:03:11]} *

[Event "8th RTU Open 2018"]
[Site "Riga"]
[Date "2018.08.07"]
[Round "3"]
[White "Annaberdiev, Meilis"]
[Black "Mishuchkov, Nikolai Mikhailovic"]
[Result "1-0"]
[WhiteElo "2509"]
[BlackElo "2307"]
[Annotator "TA"]
[PlyCount "137"]
[EventDate "2018.08.06"]
[EventType "swiss"]
[EventCountry "LAT"]
[SourceTitle "playchess.com"]
[Source "ChessBase"]
[SourceQuality "1"]

{[%evp 18,137,20,20,25,14,14,7,18,0,0,-22,-2,-23,-3,-10,38,0,13,-24,-12,-9,46,28,53,52,112,114,168,54,50,14,93,54,92,27,14,8,6,27,32,0,0,0,105,105,109,122,108,114,111,119,138,137,140,131,151,121,113,120,122,127,133,138,250,237,233,252,276,265,266,252,398,390,444,418,409,284,277,253,263,265,254,254,288,244,304,316,296,287,272,247,243,239,235,230,402,370,406,390,328,388,603,589,522,472,435,423,434,332,352,333,858,795,4606,2351,1097,529,29980,29982,29983,29984]} 1. d4 Nf6 2. Bf4 d5 3. e3 c5 4. c3 Qb6 5. Qb3 Nc6 6. Nd2 {D00: 1 d4 d5: Unusual lines} c4 7. Qc2 Bg4 (7... Nh5 8. Bg5 h6 9. Bh4 g5 10. Be2 Ng7 11. Bg3 Bf5 12. Qc1 e6 {1-0 (41) Carlsen,M (2832)-So,W (2812) Leuven 2017}) 8. Be2 Bxe2 9. Nxe2 e6 10. O-O {LiveBook: 3 Games} Be7 11. Ng3 O-O 12. e4 Qd8 13. Rae1 $146 b5 14. e5 Ne8 15. Nh5 g6 16. Ng3 Bg5 17. Ne2 Ng7 18. Nf3 Bxf4 19. Nxf4 g5 (19... b4 $11) 20. Ne2 $14 h6 21. h3 Ne7 (21... f6 $14) 22. Nh2 $16 h5 (22... Kh8 $16) 23. Ng3 ({Better is} 23. Qc1 $18) 23... Ng6 $1 $14 24. Qd2 Nf4 (24... f5 $11 {keeps the balance.}) 25. Nf3 Nd3 26. Rb1 (26. Nxg5 $16 Nxe1 27. Rxe1) 26... g4 $11 27. hxg4 hxg4 28. Ne1 Nxe1 29. Qxe1 Qh4 30. f3 f5 {[#]} (30... gxf3 $11 {remains equal.} 31. Rxf3 b4) 31. exf6 $1 $16 Rxf6 32. Ne4 $1 $36 {[%mdl 2048] White has strong initiative.} g3 33. Qxg3 ({Don't go for} 33. Nxf6+ $2 Kf7 $19) 33... Qxg3 34. Nxg3 Rb8 35. b3 cxb3 36. Rxb3 Ne8 37. a4 Nd6 38. Ra1 Rf7 39. Ne2 Rfb7 40. Nf4 b4 (40... bxa4 $16 {is a better defense.} 41. Rxb7 Rxb7 42. Nxe6 (42. Rxa4 Kf7 $18) 42... Nb5 43. Rxa4 Nxc3) 41. Nxe6 $18 bxc3 42. Rxc3 Rb1+ 43. Rxb1 Rxb1+ {[%mdl 4096] Endgame KRN-KRN} 44. Kh2 Rb4 (44... Nc4 {was worth a try.} 45. Nf4 Rb4 46. Nxd5 Rxa4) 45. Rc6 Nf5 46. Ra6 Kf7 47. Ng5+ Ke8 48. Rxa7 Nxd4 49. Ra5 Nc6 50. Rxd5 Rxa4 51. Ne4 Ke7 52. g4 Nd4 53. Re5+ Kf7 54. Kg3 Ra3 55. Ng5+ Kf6 56. Kf4 Ra2 $2 {[#]} (56... Kg6 57. Re4 Ra4) 57. Ne4+ Kf7 58. Rd5 Ra4 59. g5 Kg7 (59... Nc2 $142 60. Rc5 Nd4) 60. Kg4 Ne2 61. Rd7+ Kg6 62. Rd6+ Kg7 63. Rc6 Ra1 {Black hopes to continue with ...Rg1+.} 64. Rc4 Rg1+ $2 (64... Kg6 65. f4 Rf1 66. Rc6+ Kg7) 65. Kf5 Rf1 66. Rc7+ Kf8 67. Nd2 (67. Ke5 $142 {Threatens to win with g6.} Rc1 68. Nc5) 67... Rd1 68. Kf6 {[%cal Rc7c8]} Ke8 69. Re7+ {Precision: White = 65%, Black = 39%.} 1-0